| 000 | 00983cam a2200241 a 4500 | ||
|---|---|---|---|
| 003 | OSt | ||
| 005 | 20160827154934.0 | ||
| 008 | 970618s1998 enk bd 001 0 eng | ||
| 020 | _a9780631214823 | ||
| 040 |
_aDLC _cDLC _dDLC _bara |
||
| 082 | 0 | 0 |
_a418.003 _221 _bEND |
| 245 | 0 | 0 |
_aEncyclopedic dictionary of applied linguistics : _ba handbook for language teaching / _cedited by Keith Johnson and Helen Johnson. |
| 250 | _aط. 1. | ||
| 260 |
_aOxford, UK ; _aCambridge, Mass. : _bBlackwell Publishers, _c1998 (1999 printing). |
||
| 300 |
_aviii, 389 p. ; _c25 cm. |
||
| 504 | _aIncludes bibliographical references and index. | ||
| 650 | 0 |
_aApplied linguistics _vDictionaries. _948227 |
|
| 700 | 1 |
_aJohnson, Keith, _d1944- _944829 |
|
| 700 | 1 |
_aJohnson, Helen. _956360 |
|
| 942 | _cBOOK | ||
| 999 |
_c39719 _d274219 |
||